A trópusok mesekertje – metaforikus prózaváltozatok a modernitás poétikájában

Elmentve itt :
Bibliográfiai részletek
Szerző: Bordás Sándor
További közreműködők: Virág Zoltán (Témavezető)
Dokumentumtípus: Disszertáció
Megjelent: 2011-03-30
Tárgyszavak:
doi:10.14232/phd.698

mtmt:2272206
Online Access:http://doktori.ek.szte.hu/698
LEADER 01074nta a2200229 i 4500
001 dokt698
005 20221013144608.0
008 110308s2011 hu om 0|| hun d
024 7 |a 10.14232/phd.698  |2 doi 
024 7 |a 2272206  |2 mtmt 
040 |a SZTE Doktori Repozitórium  |b hun 
041 |a hun 
100 1 |a Bordás Sándor 
245 1 2 |a A trópusok mesekertje – metaforikus prózaváltozatok a modernitás poétikájában  |h [elektronikus dokumentum] /  |c  Bordás Sándor 
246 1 0 |a The magic garden of tropes – Metaphorical variations of prose in the poetics of modernity  |h [elektronikus dokumentum] 
260 |c 2011-03-30 
502 |a Disszertacio 
650 4 |a irodalom- és kultúra tudományok 
700 1 |a Virág Zoltán  |e ths 
856 4 0 |u https://doktori.bibl.u-szeged.hu/id/eprint/698/1/Bordas_Sandor_PhD_dolgozat.pdf  |z Dokumentum-elérés  
856 4 0 |u https://doktori.bibl.u-szeged.hu/id/eprint/698/2/Bordas_Sandor_Phd-tezisek.pdf  |z Dokumentum-elérés  
856 4 0 |u https://doktori.bibl.u-szeged.hu/id/eprint/698/3/bordas_angol_t%C3%A9zis.pdf  |z Dokumentum-elérés